| 000 | 00534nam a2200181Ia 4500 | ||
|---|---|---|---|
| 005 | 20250326141415.0 | ||
| 008 | 250326s9999 xx 000 0 und d | ||
| 037 | _aTextbook | ||
| 040 |
_aFMSL _beng _cFMSL |
||
| 041 |
_aeng _2eng |
||
| 084 | _qFMSL | ||
| 100 |
_aItc Unictad/ Gatt _9744372 |
||
| 245 | 0 |
_aUnglazed & glased ceramic titles: A survey of selected suppliers & major markets _cItc Unictad/ Gatt |
|
| 260 |
_aUncted/Gott _bUncted/Gott, General _c1982 |
||
| 300 | _a259p | ||
| 942 | _cTB | ||
| 999 |
_c1290157 _d1290157 |
||